000 01217nam0a22003131 4500
001 rc\2279278
005 20110829191451.7
035 _a(NLR Aleph) 006558796
090 _a6820954
_c6820954
100 _a20110829d1977 |||y0rusy50 ca
101 0 _arus
102 _aRU
105 _aa z |||||
200 1 _aДинамика машинных агрегатов на предельных режимах движения
_fИ.И. Артоболевский, В.С. Лощинин
_gАН СССР, Науч. совет по теории машин и систем машин
210 _aМосква
_cНаука
_d1977
215 _a325 с.
_cил.
_d22
320 _aПредм. указ.: с. 319-321
320 _aСписок лит.: с. 314-318 (114 назв.)
606 _aМашины
_xДинамика
_2psbo
686 _aК412.02,07
_2rubbk
700 1 _aАртоболевский
_bИ. И.
_f1905-1977
_gИван Иванович
701 1 _aЛощинин
_bВ. С.
_gВалентин Степанович
801 0 _aRU
_bNLR
_gpsbo
801 1 _aRU
_bELAR
_2rusmarc
852 _aNLR
_j77-5/5005
899 _aRuMoRGB
_jБ 77-9/415
899 _aRuMoRGB
_jБ 77-9/416
942 _cBOOK
980 _aNB